Prediseño del equipo mecánico para el proyecto hidroeléctrico Guayabo
Na minha lista:
| Autor principal: | |
|---|---|
| Formato: | Desconhecido |
| Publicado em: |
[San José, Costa Rica]
1981
|
| Assuntos: | |
| Tags: |
Adicionar Tag
Sem tags, seja o primeiro a adicionar uma tag!
|
MARC
| LEADER | 00000 a2200000 4500 | ||
|---|---|---|---|
| 003 | 001688 | ||
| 005 | 20221231143744.0 | ||
| 008 | 140114s1981 c a m 000 ||s d | ||
| 040 | |c cru CEDI | ||
| 090 | |a TFG 1067 | ||
| 100 | |a Llobet, Carlos M |9 15788 | ||
| 245 | |a Prediseño del equipo mecánico para el proyecto hidroeléctrico Guayabo | ||
| 260 | |c 1981 |a [San José, Costa Rica] | ||
| 300 | |a 87, [15] hojas : ilustraciones (algunas pleg), mapas plegables ; 28 cm | ||
| 500 | |a Proyecto de graduación (licenciatura en ingeniería mecánica)--Universidad de Costa Rica. Facultad de Ingeniería. Escuela de Ingeniería Mecánica | ||
| 650 | |x INSTITUTO COSTARRICENSE DE ELECTRICIDAD.. PROYECTO HIDROELECTRICO GUAYABO Materia |x CENTRALES HIDROELECTRICAS - EQUIPO Y ACCESORIOS |9 15790 | ||
| 942 | |c TFG | ||
| 999 | |c 11326 |d 11326 | ||
